| 000 | 01583nam a2200133Ia 4500 | ||
|---|---|---|---|
| 008 | 220620s9999||||xx |||||||||||||| ||und|| | ||
| 020 | _a9783040000000 | ||
| 245 | 0 |
_aOptical Fiber Interferometric Sensors _bNew Production Methodologies and Novel Applications |
|
| 546 | _aEnglish[eng] | ||
| 650 | _afiber-optic temperature sensor||chloroform fiber||Sagnac interferometer||optical microfiber coupler||interferometer||salinity sensing||optic fiber sensor||optical fiber sensor||cleaved fiber||Vernier effect||optical interferometer||fiber optics sensors||dual-core fiber||temperature sensing||optical coherence tomography||low-coherence interferometry||large-scale imaging||biomedical sensor||intermodal interferometer||singlemode-multimode-singlemode||Fabry–Perot interferometer||fiber Bragg grating||pulse wave||spectral interferometry||seismic measurement||dynamic impact||dynamic response||interferometric sensor||pneumatic sensor||thickness measurement||plastics measurement||moiré effects||diffraction theory||lenses||mirrors||digital image processing||large-field||speckle interferometer||MEMS||displacement measurement||miniaturized optical sensors||Fabry–Pérot interferometers||tuning range||efficiency||nanoimprint||integration in fiber optics||multiplex advantage||photonic crystals||plasmonics||flow sensor||pulmonary function assessment||spirometry||interferometric sensors||optical fiber||photonics | ||
| 700 | _aAndré, Paulo||Alberto, Nélia J.||de Fátima Domingues, Maria | ||
| 856 | _uhttps://mdpi.com/books/pdfview/book/4835 | ||
| 942 | _cEB | ||
| 999 |
_c21404 _d21404 |
||